Our trees (Record no. 85859)
[ view plain ]
| 000 -LEADER | |
|---|---|
| fixed length control field | 00635cam a2200205 4500 |
| 001 - CONTROL NUMBER | |
| control field | sa 68014519 |
| 003 - CONTROL NUMBER IDENTIFIER | |
| control field | DLC |
| 005 - DATE AND TIME OF LATEST TRANSACTION | |
| control field | 20260227112632.0 |
| 008 - FIXED-LENGTH DATA ELEMENTS--GENERAL INFORMATION | |
| fixed length control field | 700204s1968 ii a 00010 eng |
| 010 ## - LIBRARY OF CONGRESS CONTROL NUMBER | |
| LC control number | sa 68014519 //r87 |
| 025 ## - OVERSEAS ACQUISITION NUMBER | |
| Overseas acquisition number | PL480:I-E-10575 |
| 050 0# - LIBRARY OF CONGRESS CALL NUMBER | |
| Classification number | QK490.I4 |
| Item number | S5 |
| 082 ## - DEWEY DECIMAL CLASSIFICATION NUMBER | |
| Classification number | 582.16/0954 |
| 100 10 - MAIN ENTRY--PERSONAL NAME | |
| Personal name | Siṃha, Rājeśvaraprasāda Nārāyaṇa, |
| Dates associated with a name | 1905- |
| 245 10 - TITLE STATEMENT | |
| Title | Our trees |
| Statement of responsibility, etc. | [by] R. P. N. Sinha. |
| 260 0# - PUBLICATION, DISTRIBUTION, ETC. | |
| Place of publication, distribution, etc. | [Delhi] |
| Name of publisher, distributor, etc. | Publications Division, Ministry of Information and Broadcasting, Govt. of India |
| Date of publication, distribution, etc. | [1968] |
| 300 ## - PHYSICAL DESCRIPTION | |
| Extent | viii, 82 p. |
| Other physical details | illus. (part col.) |
| Dimensions | 25 cm. |
| 350 ## - PRICE (NR) (BK AM CF MU VM SE) [OBSOLETE] | |
| Price | 3.50 |
| 650 #0 - SUBJECT ADDED ENTRY--TOPICAL TERM | |
| Topical term or geographic name entry element | Trees |
| Geographic subdivision | India. |
No items available.